| 000 -LEADER |
| fixed length control field |
00809nam a22002417a 4500 |
| 003 - CONTROL NUMBER IDENTIFIER |
| control field |
OSt |
| 005 - DATE AND TIME OF LATEST TRANSACTION |
| control field |
20180910050545.0 |
| 008 - FIXED-LENGTH DATA ELEMENTS--GENERAL INFORMATION |
| fixed length control field |
180220b xxu||||| |||| 00| 0 spa d |
| 020 ## - INTERNATIONAL STANDARD BOOK NUMBER |
| International Standard Book Number |
9505360975 |
| 040 ## - CATALOGING SOURCE |
| Transcribing agency |
PJ |
| 100 ## - ASIENTO PRINCIPAL - NOMBRE DE PERSONA |
| Personal name |
Hitters, Juan Carlos |
| 9 (RLIN) |
120 |
| 245 10 - MENCIÓN DE TÍTULO |
| Título propiamente dicho |
Técnica de los recursos ordinarios y de la casación / |
| Mención de responsabilidad, etc |
Juan Carlos Hitters, prólogo de Augusto M. Morello. |
| 250 ## - EDITION STATEMENT |
| Edition statement |
2a. ed. |
| 260 ## - PUBLICATION, DISTRIBUTION, ETC. (IMPRINT) |
| Place of publication, distribution, etc |
Buenos Aires : |
| Date of publication, distribution, etc |
Lep, |
| Name of publisher, distributor, etc |
1998. |
| 300 ## - DESCRIPCION FISICA |
| Extent |
xv, 749 p. |
| Dimensions |
23 cm. |
| 500 ## - NOTA GENERAL |
| General note |
Citas bibliográficas y notas a pie de página. |
| 650 #0 - ASIENTO SECUNDARIO DE MATERIA - TERMINO TEMATICO |
| 9 (RLIN) |
267 |
| Topical term or geographic name as entry element |
DERECHO PROCESAL |
| 650 #0 - ASIENTO SECUNDARIO DE MATERIA - TERMINO TEMATICO |
| 9 (RLIN) |
178 |
| Topical term or geographic name as entry element |
DERECHO CONSTITUCIONAL |
| 650 #0 - ASIENTO SECUNDARIO DE MATERIA - TERMINO TEMATICO |
| 9 (RLIN) |
2044 |
| Topical term or geographic name as entry element |
RECURSO EXTRAORDINARIO |
| 650 #0 - ASIENTO SECUNDARIO DE MATERIA - TERMINO TEMATICO |
| 9 (RLIN) |
2107 |
| Topical term or geographic name as entry element |
RECURSO DE CASACION |
| 700 ## - ADDED ENTRY--PERSONAL NAME |
| 9 (RLIN) |
95 |
| Personal name |
Morello, Augusto Mario |
| Relator term |
prologuista |
| 942 ## - ADDED ENTRY ELEMENTS (KOHA) |
| Source of classification or shelving scheme |
|
| Koha item type |
Libros |
| Classification part |
347.957 |
| Item part |
HIT |